000 01122nam a22003377a 4500
003 CHAP
005 20220329133650.0
008 971013s1990 r 00010 d
010 _a9211
011 _a10183
035 _a9420
040 _cCHAP
082 _a641.1
_bE83
110 _aE.U.A. Department of Agriculture
_934876
245 _aNutrition
_b: eating for good health
260 _a(s.l.) :
_bThe Department,
_c1990
300 _a208 p.
_b: ilus
490 _aAgriculture information bulletin
_v; 685
590 _aBATCH-UPD
_b10
_c20130110
_lUCH01
_h1409
590 _aBATCH-UPD
_b10
_c20130410
_lUCH01
_h0856
590 _aBATCH-UPD
_b10
_c20130914
_lUCH01
_h0121
590 _aCONVERSION
_b10
_c20130109
_lUCH01
_h1306
650 1 4 _aAlimentos
_xValor nutritivo.
_94298
650 1 4 _aNutrición.
_982246
650 1 4 _aNutrición
_xInvestigación.
_982260
830 0 _aAgriculture information bulletin
_v; 685
_92129
901 _aBK
942 _cLIBRO
949 _a641.1 E83
_bBC
_cLIBRO
_d33724000139465
_eLIBRO
_h85700
_i9420
_mD
_si
949 _a641.1 E83
_bBC
_cLIBRO
_d33724002205389
_eLIBRO
_fc.2
_h85701
_i9420
_mD
_si
999 _c9211
_d9211